Nationalité des célébrités - Statistiques

Statistiques générales
  • Ce quiz a été pris 3 243 fois
  • Le résultat moyen est 9 sur 15
Statistiques - réponses
Indice Réponse % Correct
Daft Punk France
97%
Bob Marley Jamaïque
88%
Abba Suède
88%
Rammstein Allemagne
86%
Shakira Colombie
84%
Styx États-Unis
79%
Psy Corée du Sud
69%
AC/DC Australie
62%
Sum 41 Canada
60%
Björk Islande
60%
Aqua Danemark
48%
Eiffel65 Italie
47%
Lorde Nouvelle-Zélande
32%
Akon Sénégal
18%
System of a Down Arménie
13%
Aucun quiz correspondant
Distribution des résultats
% des personnes avec chaque résultat
Percentile par nombre de réponses
Votre historique - résultats
Vous n’avez pas pris ce quiz